Score 0/20 Timer 03:00
0 Plays Today
Movie Missing Word % Correct
___ Through the Looking GlassAlice
100%
Les ___Misérables
96.7%
The Devil Wears ___Prada
96.7%
___'s EightOcean
96.7%
The Dark ___ RisesKnight
96.7%
___ & Other DrugsLove
91.7%
___ EnchantedElla
90%
___ NicklebyNicholas
90%
The Last ___ He WantedThing
90%
The Princess Diaries 2: ___ EngagementRoyal
90%
Movie Missing Word % Correct
Bride ___Wars
90%
___ MountainBrokeback
85%
___ WatersDark
83.3%
___'s DayValentine
83.3%
Get ___Smart
81.7%
Rachel ___ Married Getting
76.7%
Becoming ___Jane
70%
The Other Side of ___Heaven
68.3%
The ___ ReturnsCat
50%
The ___Intern
31.4%
Come Together.
Have Fun.
All Virtual.
We all need to come together. Play Sporcle's virtual live trivia to have fun, connect with people, and get your trivia on. Join a live hosted trivia game for your favorite pub trivia experience done virtually. If a virtual private party is more your thing, go here for details.

You're not logged in!

Compare scores with friends on all Sporcle quizzes.
OR
Log In

Sporcle TV

Today on Sporcle TV


Watch our educational content, quiz creation guides, and fun videos on Sporcle TV.

Show Comments

Extras

Top Quizzes Today


Score Distribution

Paid Content

Your Account Isn't Verified!

In order to create a playlist on Sporcle, you need to verify the email address you used during registration. Go to your Sporcle Settings to finish the process.

Report this User

Report this user for behavior that violates our Community Guidelines.

Details: